[Event "CZE-chT U12"]
[Site "Jihlava"]
[Date "2022.06.11"]
[Round "4.3"]
[White "Kreuzman, Daniel"]
[Black "Holes, Vojtech"]
[Result "1-0"]
[WhiteElo "1198"]
[BlackElo "1274"]
[PlyCount "55"]
[EventDate "2022.06.10"]
[EventType "team-swiss"]
[EventRounds "9"]
[EventCountry "CZE"]
[SourceTitle "CBM 209 Extra"]
[Source "ChessBase"]
[SourceDate "2022.09.30"]
[SourceVersion "1"]
[SourceVersionDate "2022.09.30"]
[SourceQuality "1"]
[WhiteTeam "Klatovy Sokol U12"]
[BlackTeam "Liberec Desko U12"]
[WhiteTeamCountry "CZE"]
[BlackTeamCountry "CZE"]

1. e4 c5 2. Nf3 d6 3. d4 cxd4 4. Qxd4 Nc6 5. Bb5 Qa5+ 6. Nc3 Bd7 7. Bxc6 Bxc6 8. 0-0 Nf6 9. Re1 e5 10. Qd3 Be7 11. Bg5 Rd8 12. Rad1 0-0 13. Nh4 Qc7 14. Nf5 d5 15. exd5 Bxd5 16. Bxf6 Bc4 17. Nxe7+ Qxe7 18. Qxd8 Qxf6 19. Qxf6 gxf6 20. h3 Re8 21. Ne4 Re6 22. b3 Bb5 23. c4 Bc6 24. Rd6 Re7 25. Nxf6+ Kg7 26. Nh5+ Kf8 27. Rd8+ Be8 28. Nf6 1-0